Dark matter in astro- and particle physics (Record no. 15017)

MARC details
000 -LEADER
fixed length control field 00679nam a2200229Ia 4500
003 - CONTROL NUMBER IDENTIFIER
control field IN-BaIIA
008 - FIXED-LENGTH DATA ELEMENTS--GENERAL INFORMATION
fixed length control field 211028s9999 xx 000 0 eng d
020 ## - INTERNATIONAL STANDARD BOOK NUMBER
International Standard Book Number 3-540-44257-X
040 ## - CATALOGING SOURCE
Transcribing agency IIA Library
080 ## - UNIVERSAL DECIMAL CLASSIFICATION NUMBER
Universal Decimal Classification number 524.834(082.2)
Item number DAR
245 #0 - TITLE STATEMENT
Title Dark matter in astro- and particle physics
Statement of responsibility, etc. edited by H. V. Klapdor-Kleingrothaus and R. D. Violler
260 ## - PUBLICATION, DISTRIBUTION, ETC.
Place of publication, distribution, etc. Berlin
Name of publisher, distributor, etc. Springer-Verlag
Date of publication, distribution, etc. 2003
300 ## - PHYSICAL DESCRIPTION
Extent xxv, 663p.
650 ## - SUBJECT ADDED ENTRY--TOPICAL TERM
Topical term or geographic name entry element AGN
9 (RLIN) 21156
650 ## - SUBJECT ADDED ENTRY--TOPICAL TERM
Topical term or geographic name entry element Cosmic rays
650 ## - SUBJECT ADDED ENTRY--TOPICAL TERM
Topical term or geographic name entry element Cosmology
650 ## - SUBJECT ADDED ENTRY--TOPICAL TERM
Topical term or geographic name entry element Dark matter
9 (RLIN) 14945
650 ## - SUBJECT ADDED ENTRY--TOPICAL TERM
Topical term or geographic name entry element Milky way
9 (RLIN) 6712
700 ## - ADDED ENTRY--PERSONAL NAME
Personal name Klapdor-Kleingrothaus, H. V., ed.
9 (RLIN) 22769
700 ## - ADDED ENTRY--PERSONAL NAME
Personal name Violler, R. D., ed.
9 (RLIN) 27242
942 ## - ADDED ENTRY ELEMENTS (KOHA)
Koha item type Books
Holdings
Withdrawn status Lost status Damaged status Not for loan Home library Current library Shelving location Date acquired Source of acquisition Cost, normal purchase price Total Checkouts Full call number Barcode Date last seen Cost, replacement price Price effective from Koha item type Purchase Price
        IIA Library-Bangalore IIA Library-Bangalore General Stacks 07/04/2003 ANJ 10344.80   524.834(082.2)/ DAR 15939 05/11/2021 10344.80 07/04/2003 Books Rs. 10344.80

Powered by Koha